000 00694na a2200229 4500
001 20636
003 MIRAKIL
005 20181213155140.0
008 170125b tu 000 0
040 _aMilas
_btur
_cTR-AnCHP
041 _atur
082 _aATA 334.09561
_bT24a [t.y.]
090 _aATA 334.09561 T24a [t.y.]
100 _aTaluğ, Cemal
245 _aAtatürk ve kooperatifçilik
_cCemal Taluğ
260 _aAnkara
_bYol-Koop Yayınları
_c[t.y.]
300 _ax, 105 s.
_c20 sm.
490 _aYol-Koop Yayınları
_v6
600 _aAtatürk, Mustafa Kemal
_d1881-1938
_xEkonomik görüşler
650 _aKooperatifçilik
_xTarih
_yMilli Mücadele Dönemi
942 _2ddc
_cBKS
999 _c7481
_d7481